Legislatívne a inštitucionálne zabezpečenie spotrebiteľskej politiky EÚ v bezpečnosti produktov dizertačná práca

Salvato in:
Dettagli Bibliografici
Autore principale: Korčoková, Marína, 1970-
Ente Autore: Ekonomická univerzita v Bratislave. Obchodná fakulta
Altri autori: Hraško, Pavel
Natura: Libro
Lingua:slovacco
Pubblicazione: Bratislava 2006
Soggetti:
Tags: Aggiungi Tag
Nessun Tag, puoi essere il primo ad aggiungerne!!

MARC

LEADER 00000nbm a2200000 4500
001 0178755
005 20240104135309.3
041 0 |a slo 
044 |a SK 
245 1 0 |a Legislatívne a inštitucionálne zabezpečenie spotrebiteľskej politiky EÚ v bezpečnosti produktov  |b dizertačná práca  |c Marína Korčoková ; školiteľ: Pavel Hraško 
264 1 |a Bratislava  |c 2006 
300 |a 157 s. 
610 2 0 |a politika spotrebiteľská 
610 2 0 |a bezpečnosť výrobkov 
610 2 0 |a legislatíva 
610 2 0 |a Európska únia 
100 1 |a Korčoková, Marína, 1970- 
700 1 |a Hraško, Pavel 
710 2 |a Ekonomická univerzita v Bratislave. Obchodná fakulta